Susan Sarandon Movies Quiz Stats

 Plays Quiz Updated Dec 31, 2020

Support Sporcle.
Go Orange.
Score 0/94 Timer 12:00
0 Plays Today
Year Movie % Correct
1991Thelma & Louise
72.2%
1995Dead Man Walking
62%
1998Stepmom
58%
1988Bull Durham
56.3%
1975The Rocky Horror Picture Show
55.8%
1994Little Women
37.8%
1994The Client
37.7%
2014Tammy
31.9%
2007Enchanted
31.7%
2002The Banger Sisters
28.8%
2008Speed Racer
28.3%
1992Lorenzo's Oil
23.3%
1987The Witches of Eastwick
22.7%
1996James and the Giant Peach
22%
2013The Big Wedding
22%
2012That's My Boy
21.6%
2015The Meddler
21.5%
2017A Bad Moms Christmas
21.4%
1980Atlantic City
20.6%
2012Cloud Atlas
19.7%
2012Arbitrage
17.8%
2011Jeff, Who Lives at Home
17.1%
2014The Calling
16.6%
2013Snitch
16.5%
2016Mothers and Daughters
16.4%
2012The Company You Keep
16.1%
1990White Palace
15.7%
2016Ace the Case
15.5%
2019Blackbird
15.4%
1999Anywhere But Here
15.3%
2016My Entire High School Sinking Into the Sea
15%
2015Hell and Back
15%
Year Movie % Correct
2016Spark
14.4%
1983The Hunger
14.2%
2012Robot and Frank
14.2%
2013The Last of Robin Hood
14.2%
2019The Jesus Rolls
13.8%
1978Pretty Baby
13.7%
2014Ping Pong Summer
13.5%
2015About Ray
13.4%
2015The Other Side of the Lake the Purple Girl
13.3%
2015April and the Extraordinary World
13.3%
2018Viper Club
13.1%
2018The Death and Life of John F. Donovan
12.8%
2013Irwin & Fran
12.8%
2004Alfie
12.5%
2019VHYes
12.1%
2002Igby Goes Down
11.8%
2009The Lovely Bones
11.8%
2007Mr. Woodcock
11.7%
1970Joe
11.5%
2004Shall We Dance
11.4%
2005Elizabethtown
11.4%
1992Bob Roberts
10.9%
1998Twilight
10.8%
1999Cradle Will Rock
10.3%
2002Moonlight Mile
9.6%
2007In the Valley of Elah
9.4%
2000Rugrats in Paris: The Movie
8.8%
1975The Great Waldo Pepper
8.5%
2007Bernard and Doris
8.4%
1982Tempest
7.6%
1974The Front Page
7.6%
2001Cats & Dogs
7.5%
Year Movie % Correct
2005Romance & Cigarettes
7.3%
1989The January Man
7.2%
2004Noel
7.2%
2009The Greatest
7.1%
1989A Dry White Season
7%
2010Wall Street: Money Never Sleeps
6.9%
1977The Other Side of Midnight
6.8%
1994Safe Passage
6.8%
1985Compromising Positions
6.7%
1992Light Sleeper
6.7%
1971Lady Liberty
6.6%
1984The Buddy System
6.5%
2020Fearless
6.5%
1974Lovin' Molly
6.3%
1976Dragonfly
6.2%
1978King of the Gypsies
6.1%
1998Illuminata
6.1%
1971The Apprentice
6%
2006Irresistible
5.9%
2008Middle of Nowhere
5.8%
2009Solitary Man
5.7%
1980Loving Couples
5.7%
1988Sweet Hearts Dance
5.7%
2010Peacock
5.5%
1977The Last of the Cowboys
5.5%
1977Checkered Flag or Crash
5.2%
2000Joe Gould's Secret
5.2%
2009Leaves of Grass
5.1%
2007Emotional Arithmetic
5.1%
1979Something Short of Paradise
5%

From the Vault

Click an NBC Show (2010s)

by qlh27

This is a good test of your short term memory.
Remove Ads.
Support Sporcle.
Get the best of Sporcle when you Go Orange. This ad-free experience offers more features, more stats, and more fun while also helping to support Sporcle. Thank you for becoming a member.

Show Comments

Extras

Top Quizzes Today


Score Distribution

Your Account Isn't Verified!

In order to create a playlist on Sporcle, you need to verify the email address you used during registration. Go to your Sporcle Settings to finish the process.

Report this User

Report this user for behavior that violates our Community Guidelines.

Details: